| 000 | 00440nam a2200181Ia 4500 | ||
|---|---|---|---|
| 001 | 9531 | ||
| 005 | 20260306161725.0 | ||
| 008 | 260306t2007||||xx |||||||||||||| ||spa|| | ||
| 041 | _aESP | ||
| 082 |
_a380.13 _bQ62 |
||
| 100 |
_aQuintanilla Rodríguez, Martín _eAUT |
||
| 245 | 0 | _aEl comercio internacional en el Perú | |
| 260 | _c2007 | ||
| 300 |
_a93 páginas : _ccm. |
||
| 650 | _aGEN | ||
| 654 | _aCAN | ||
| 942 |
_cLIB _dJUS _fJUS _2ddc _n |
||
| 999 |
_c9531 _d9531 |
||